LEADER 01013nam0-22002771i-450 001 990004772890403321 005 20211006113131.0 035 $a000477289 100 $a19990530g188788--km-y0itay50------ba 101 0 $afre 105 $ay-------001yy 200 1 $a<>Odyssée$d= Odisseia$etexte grec publié d'après les travaux les plus récents de la philologie accompagné d'un commentaire critique et explicatif, précédé d'une introduction et suivi de la Batrachomyomachie, des Hymnes homériques, etc.$fpar Alexis Pierron 205 $a2.e éd. rev. et corr. 210 $aParis$cLibr. Hachette et C.ie$d1887-88 215 $a2 v.$d25 cm 327 $a1.: Chants I-XII$a2.: Chants XIII-XXIV 700 1$aHomerus$f<8. sec. a. C.>$0155559 702 1$aPierron,$bAlexis 801 0$aIT$bUNINA$gRICA$2UNIMARC 901 $aBK 912 $a990004772890403321 952 $aV 28 (1)$bS.I.$fFLFBC 952 $aV 28 (2)$bS.I.$fFLFBC 959 $aFLFBC 996 $aOdyssea$917636 997 $aUNINA LEADER 01351nam 2200373Ia 450 001 996396591103316 005 20200824124854.0 035 $a(CKB)4330000000349984 035 $a(EEBO)2264205844 035 $a(OCoLC)ocm12092257e 035 $a(OCoLC)12092257 035 $a(EXLCZ)994330000000349984 100 $a19850529d1651 uy | 101 0 $aeng 135 $aurbn||||a|bb| 200 14$aThe soveraignty of the British seas$b[electronic resource] $eproved by records, history, and the municipall lawes of this kingdome /$fwritten in the yeare 1633, by that learned knight, Sr John Boroughs .. 210 $aLondon $cPrinted for Humphrey Moseley ...$d1651 215 $a[10], 165 p 300 $aThis item is identified as Wing B6129 at reel 885:20 and as Wing B3774 at reel 976:3 (number cancelled in Wing 2nd ed.). 300 $aReproduction of originals in British Library and Cambridge University Library. 330 $aeebo-0018 606 $aSea-power 607 $aGreat Britain$xHistory, Naval$vEarly works to 1800 615 0$aSea-power. 700 $aBorough$b John$cSir,$fd. 1643.$01005776 801 0$bEAA 801 1$bEAA 801 2$bm/c 801 2$bUMI 801 2$bWaOLN 906 $aBOOK 912 $a996396591103316 996 $aThe soveraignty of the British seas$92313208 997 $aUNISA